[Event "Poti Aleksandria Cup 11th"]
[Site "Poti"]
[Date "2016.07.17"]
[Round "6"]
[White "Yeritsyan, Hayk"]
[Black "Mammadov, Gulam Ilham Oglu"]
[Result "1-0"]
[WhiteElo "2076"]
[BlackElo "2031"]
[PlyCount "73"]
[EventDate "2016.07.13"]
[EventType "swiss"]
[EventRounds "9"]
[EventCountry "GEO"]
[SourceTitle "CBM 173 Extra"]
[Source "ChessBase"]
[SourceDate "2016.08.29"]
[SourceVersion "1"]
[SourceVersionDate "2016.08.29"]
[SourceQuality "1"]

1. d4 Nf6 2. c4 g6 3. Nc3 Bg7 4. e4 d6 5. Nf3 0-0 6. h3 e5 7. d5 Nbd7 8. g4 Nc5 9. Qc2 a5 10. Be3 Ne8 11. Nd2 f5 12. gxf5 gxf5 13. Bxc5 dxc5 14. exf5 Bxf5 15. Bd3 e4 16. Ncxe4 c6 17. 0-0-0 cxd5 18. Nc3 Bxd3 19. Qxd3 dxc4 20. Qxc4+ Kh8 21. Nde4 Qh4 22. Rhg1 Rf4 23. Kb1 Nf6 24. Qf7 Nh5 25. Qxb7 Re8 26. Rd7 Rg8 27. f3 Rff8 28. Ng5 Qf2 29. Rgd1 Qe3 30. Nf7+ Rxf7 31. Rxf7 Nf4 32. Qe4 Qxe4+ 33. Nxe4 Ne6 34. Rdd7 Rb8 35. Rb7 Rxb7 36. Rxb7 Bd4 37. h4 1-0

[Event "Poti Aleksandria Cup 11th"]
[Site "Poti"]
[Date "2016.07.13"]
[Round "1"]
[White "Mammadov, Gulam Ilham Oglu"]
[Black "Guseynov, Alihan"]
[Result "0-1"]
[WhiteElo "2031"]
[BlackElo "2320"]
[PlyCount "92"]
[EventDate "2016.07.13"]
[EventType "swiss"]
[EventRounds "9"]
[EventCountry "GEO"]
[SourceTitle "CBM 173 Extra"]
[Source "ChessBase"]
[SourceDate "2016.08.29"]
[SourceVersion "1"]
[SourceVersionDate "2016.08.29"]
[SourceQuality "1"]

1. Nf3 g6 2. g3 Bg7 3. Bg2 Nf6 4. 0-0 0-0 5. d3 c5 6. e4 Nc6 7. h3 d6 8. Nc3 Rb8 9. Be3 b5 10. Qd2 b4 11. Ne2 c4 12. Nfd4 Nxd4 13. Nxd4 Bb7 14. g4 cxd3 15. cxd3 e5 16. Ne2 a5 17. f4 exf4 18. Bxf4 Nd7 19. d4 Qb6 20. Rf2 Rfe8 21. Bh6 Bxe4 22. Bxg7 Kxg7 23. Qf4 f5 24. gxf5 Bxf5 25. Ng3 Be6 26. Raf1 Rf8 27. Qg5 Rxf2 28. Rxf2 Qd8 29. Nh5+ Kh8 30. Qh6 Qe7 31. Re2 Qf8 32. Qg5 Re8 33. Nf4 Bf5 34. Rf2 Qf6 35. Qg3 Qxd4 36. Qh4 Qf6 37. Qg3 Nc5 38. Nd5 Re1+ 39. Kh2 Qe5 40. Nf4 Ne4 41. Bxe4 Bxe4 42. Qh4 g5 43. Qh6 Rh1+ 44. Kg3 gxf4+ 45. Rxf4 Rg1+ 46. Kf2 Qd4+ 0-1

[Event "Al Ain op 4th"]
[Site "Al Ain"]
[Date "2015.12.30"]
[Round "9"]
[White "Mammadov, Gulam Ilham Oglu"]
[Black "Ismael Namir, Mohammed Ismael"]
[Result "1-0"]
[WhiteElo "2086"]
[BlackElo "2254"]
[PlyCount "89"]
[EventDate "2015.12.23"]
[EventType "swiss"]
[EventRounds "9"]
[EventCountry "UAE"]
[SourceTitle "CBM 170 Extra"]
[Source "ChessBase"]
[SourceDate "2016.02.25"]
[SourceVersion "1"]
[SourceVersionDate "2016.02.25"]
[SourceQuality "1"]

1. Nf3 Nf6 2. g3 g6 3. Bg2 Bg7 4. 0-0 0-0 5. d3 c5 6. e4 Nc6 7. Nc3 d6 8. h3 Rb8 9. Be3 b6 10. Qd2 Bb7 11. Bh6 Nd4 12. Nxd4 cxd4 13. Ne2 e5 14. Bxg7 Kxg7 15. f4 Nd7 16. c3 dxc3 17. Nxc3 b5 18. Kh2 b4 19. Nd1 Nc5 20. f5 f6 21. fxg6 hxg6 22. Ne3 Rf7 23. Rf2 Bc8 24. Raf1 Be6 25. h4 b3 26. a3 Nd7 27. Bh3 Qe7 28. Bxe6 Qxe6 29. Kg2 Rh8 30. Rh1 Nb6 31. h5 gxh5 32. Nf5+ Kf8 33. Rhf1 Rfh7 34. Nxd6 Nd7 35. Nf5 h4 36. g4 Rg8 37. Kh3 Qb6 38. Rf3 Ke8 39. Qc3 Nc5 40. Ne3 Rf7 41. Nd5 Qe6 42. Rf5 Qd6 43. Rxf6 Rxf6 44. Rxf6 Qd7 45. Qxe5+ 1-0

[Event "Al Ain op 4th"]
[Site "Al Ain"]
[Date "2015.12.29"]
[Round "8"]
[White "Mammadov, Gulam Ilham Oglu"]
[Black "Yogit, S."]
[Result "1/2-1/2"]
[WhiteElo "2086"]
[BlackElo "2239"]
[PlyCount "68"]
[EventDate "2015.12.23"]
[EventType "swiss"]
[EventRounds "9"]
[EventCountry "UAE"]
[SourceTitle "CBM 170 Extra"]
[Source "ChessBase"]
[SourceDate "2016.02.25"]
[SourceVersion "1"]
[SourceVersionDate "2016.02.25"]
[SourceQuality "1"]

1. Nf3 Nf6 2. g3 d5 3. Bg2 Bg4 4. h3 Bh5 5. 0-0 Nbd7 6. d3 e5 7. c4 c6 8. cxd5 Nxd5 9. Nc3 Nxc3 10. bxc3 Be7 11. Rb1 Rb8 12. Be3 Qa5 13. d4 Bg6 14. Rb2 Qxc3 15. Qa1 0-0 16. dxe5 Ba3 17. Rb3 Qxa1 18. Rxa1 Bc5 19. Bf4 Nb6 20. Rc1 Be7 21. e6 Rbc8 22. Ne5 fxe6 23. Nxg6 hxg6 24. a4 g5 25. Be3 Rc7 26. Rcb1 Rf5 27. Bxb6 axb6 28. Rxb6 Bc5 29. Rxb7 Rxb7 30. Rxb7 Rxf2 31. Bxc6 Rxe2+ 32. Kh1 Re1+ 33. Kg2 Re2+ 34. Kf3 Re3+ 1/2-1/2

[Event "Al Ain op 4th"]
[Site "Al Ain"]
[Date "2015.12.24"]
[Round "2"]
[White "Mammadov, Gulam Ilham Oglu"]
[Black "Notkevich, Benjamin Arvola"]
[Result "0-1"]
[WhiteElo "2086"]
[BlackElo "2328"]
[PlyCount "106"]
[EventDate "2015.12.23"]
[EventType "swiss"]
[EventRounds "9"]
[EventCountry "UAE"]
[SourceTitle "CBM 170 Extra"]
[Source "ChessBase"]
[SourceDate "2016.02.25"]
[SourceVersion "1"]
[SourceVersionDate "2016.02.25"]
[SourceQuality "1"]

1. Nf3 Nf6 2. g3 b5 3. d3 Bb7 4. e4 e6 5. Bg2 Be7 6. 0-0 0-0 7. Re1 d5 8. e5 Nfd7 9. Nbd2 c5 10. Nf1 Nc6 11. h4 Qb6 12. h5 Nd4 13. Nxd4 cxd4 14. h6 g6 15. Bf4 Rfc8 16. Nh2 Rc6 17. Nf3 Rac8 18. Rc1 a5 19. Bg5 Bf8 20. Re2 Ba6 21. Qd2 b4 22. Ree1 a4 23. b3 a3 24. Bh4 Rc3 25. Qf4 Qc7 26. Kh2 Nc5 27. Bg5 Bxd3 28. Nxd4 Bxc2 29. Nb5 Nd3 30. Qh4 Qb6 31. Nxc3 Nxe1 32. Nxd5 Qxf2 33. Nf6+ Kh8 34. Rxe1 Qxe1 35. Nd7 Qe2 36. Nxf8 Qh5 37. Qxh5 gxh5 38. Bf6+ Kg8 39. Nd7 Rc7 40. Nb8 Bxb3 41. Na6 Rc4 42. Bf1 Rc2+ 43. Kh3 Bc4 44. Bxc4 Rxc4 45. Nxb4 Rxb4 46. Be7 Rb3 47. Bc5 Rc3 48. Bb4 Re3 49. Bd6 Rd3 50. Be7 f6 51. exf6 Kf7 52. Kh4 Kg6 53. Kh3 e5 0-1

[Event "Poti Aleksandria Cup 10th"]
[Site "Poti"]
[Date "2015.07.14"]
[Round "3"]
[White "Rasulov, Vugar Ural Oglu"]
[Black "Mammadov, Gulam Ilham Oglu"]
[Result "1-0"]
[WhiteElo "2504"]
[BlackElo "2175"]
[PlyCount "109"]
[EventDate "2015.07.13"]
[EventType "swiss"]
[EventRounds "9"]
[EventCountry "GEO"]
[SourceTitle "CBM 167 Extra"]
[Source "ChessBase"]
[SourceDate "2015.09.14"]
[SourceVersion "1"]
[SourceVersionDate "2015.09.14"]
[SourceQuality "1"]

1. e4 g6 2. d4 Bg7 3. Nc3 d6 4. Bg5 Nd7 5. Qd2 Ngf6 6. 0-0-0 h6 7. Be3 Ng4 8. Bf4 c5 9. dxc5 Nxc5 10. f3 Ne5 11. Be3 Qa5 12. a3 Be6 13. Kb1 a6 14. Bd4 0-0 15. f4 Nc6 16. Bxg7 Kxg7 17. Nf3 b5 18. Nd4 Qb6 19. Nd5 Bxd5 20. exd5 Nxd4 21. Qxd4+ f6 22. h4 a5 23. h5 b4 24. a4 Nxa4 25. Qd3 Nc3+ 26. Ka1 Nxd1 27. Qxg6+ Kh8 28. Qxh6+ Kg8 29. Rh3 Qf2 30. Qg6+ Kh8 31. Bd3 f5 32. Qh6+ Kg8 33. Qg5+ Kh8 34. Rg3 Rf7 35. Bxf5 Qxg3 36. Qxg3 Rxf5 37. Qf3 a4 38. g4 a3 39. Qxd1 Rxf4 40. Qd2 Raf8 41. bxa3 bxa3 42. Ka2 Kg7 43. Qe3 R8f7 44. g5 R4f5 45. Qe6 Re5 46. h6+ Kg8 47. Qg6+ Kf8 48. h7 Rxh7 49. Qxh7 Rxg5 50. Qh6+ Rg7 51. Kxa3 Kf7 52. Qe6+ Kf8 53. Kb4 Rf7 54. Qh6+ Ke8 55. Qh5 1-0

[Event "Poti Aleksandria Cup 10th"]
[Site "Poti"]
[Date "2015.07.13"]
[Round "1"]
[White "Bernadskiy, Vitaliy"]
[Black "Mammadov, Gulam Ilham Oglu"]
[Result "1-0"]
[WhiteElo "2548"]
[BlackElo "2175"]
[PlyCount "85"]
[EventDate "2015.07.13"]
[EventType "swiss"]
[EventRounds "9"]
[EventCountry "GEO"]
[SourceTitle "CBM 167 Extra"]
[Source "ChessBase"]
[SourceDate "2015.09.14"]
[SourceVersion "1"]
[SourceVersionDate "2015.09.14"]
[SourceQuality "1"]

1. e4 g6 2. d4 Bg7 3. Nc3 d6 4. f4 Nc6 5. Be3 Nf6 6. Be2 0-0 7. e5 Ne8 8. Nf3 dxe5 9. fxe5 f6 10. e6 Nd6 11. d5 Na5 12. 0-0 c6 13. Bc5 b6 14. Bb4 c5 15. Bxa5 bxa5 16. Na4 c4 17. Nd4 Bb7 18. Bf3 Qc7 19. Qe2 f5 20. Rad1 Ne4 21. Bxe4 fxe4 22. Qxe4 Rxf1+ 23. Rxf1 Qe5 24. Qxe5 Bxe5 25. Nf3 Bg7 26. Rd1 Rd8 27. Nc3 Bxc3 28. bxc3 Rxd5 29. Rb1 Bc8 30. Nd4 Rc5 31. h4 Kg7 32. Rf1 Kg8 33. Rb1 Kg7 34. Rf1 Kg8 35. Rf7 Rc7 36. Kh2 a6 37. h5 gxh5 38. Kg3 Ra7 39. Rf5 a4 40. Rc5 Ra8 41. Rc7 Kf8 42. Kf4 Ke8 43. Nc6 1-0

[Event "Rasht Khazar op 13th"]
[Site "Rasht"]
[Date "2015.02.17"]
[Round "9"]
[White "Gholami, Aryan"]
[Black "Mammadov, Gulam Ilham Oglu"]
[Result "0-1"]
[WhiteElo "2325"]
[BlackElo "1877"]
[PlyCount "123"]
[EventDate "2015.02.11"]
[EventType "swiss"]
[EventRounds "9"]
[EventCountry "IRI"]
[SourceTitle "EXT 2016"]
[Source "ChessBase"]
[SourceDate "2015.10.08"]
[SourceVersion "1"]
[SourceVersionDate "2015.10.08"]
[SourceQuality "1"]

1. d4 Nf6 2. Nf3 g6 3. Bf4 Bg7 4. Nbd2 0-0 5. e4 d6 6. Bd3 Nc6 7. d5 Nb8 8. Rb1 e5 9. dxe6 Bxe6 10. c4 Bg4 11. 0-0 Nc6 12. h3 Bxf3 13. Nxf3 Nd7 14. Be3 Nc5 15. b4 Ne6 16. Be2 Bc3 17. b5 Ne5 18. Ne1 Nd7 19. Nc2 Nec5 20. f3 Bg7 21. Nb4 Nb6 22. Qc2 Qe7 23. Bf2 Rae8 24. Rfe1 Be5 25. g3 h5 26. f4 Bg7 27. Bf3 h4 28. g4 Qf6 29. Qc1 Qc3 30. Qxc3 Bxc3 31. Re2 Bxb4 32. Rxb4 Nd3 33. Reb2 Nxf4 34. Be3 Nd3 35. Bh6 Nxb2 36. Rxb2 Nxc4 37. Rc2 Ne5 38. Be2 Rc8 39. Bxf8 Kxf8 40. Kf2 g5 41. Ke3 Ke7 42. Rc3 Ng6 43. Ra3 Ra8 44. Rc3 Kd7 45. Bc4 Ne5 46. Be2 c6 47. Rc1 Ng6 48. Bc4 Nf4 49. bxc6+ bxc6 50. Bxf7 Rf8 51. Bb3 Nxh3 52. Ba4 Rc8 53. e5 dxe5 54. Ke4 Nf2+ 55. Kf3 Rf8+ 56. Ke2 Rf6 57. Bc2 e4 58. Rb1 Kc7 59. Rb4 h3 60. Bxe4 Nxe4 61. Rxe4 Rh6 62. Ke1 0-1

[Event "EU-ch U16 24th"]
[Site "Batumi"]
[Date "2014.10.24"]
[Round "6"]
[White "Mammadov, Gulam Ilham Oglu"]
[Black "Jarmula, Lukasz"]
[Result "0-1"]
[WhiteElo "1853"]
[BlackElo "2314"]
[PlyCount "50"]
[EventDate "2014.10.19"]
[EventType "swiss"]
[EventRounds "9"]
[EventCountry "GEO"]
[SourceTitle "EXT 2015"]
[Source "ChessBase"]
[SourceDate "2014.11.20"]
[SourceVersion "1"]
[SourceVersionDate "2014.11.20"]
[SourceQuality "1"]

1. e4 e5 2. d3 Nc6 3. g3 d5 4. Nd2 Nf6 5. Bg2 dxe4 6. Nxe4 Nxe4 7. Bxe4 Bc5 8. c3 0-0 9. Be3 Bxe3 10. fxe3 f5 11. Bg2 f4 12. Nf3 Bg4 13. exf4 exf4 14. 0-0 fxg3 15. hxg3 Qd6 16. Qb3+ Kh8 17. Qxb7 Rad8 18. Qa6 Bxf3 19. Rxf3 Rxf3 20. Bxf3 Qxg3+ 21. Bg2 Ne5 22. Qxa7 Nf3+ 23. Kf1 Rf8 24. Qc5 Rf6 25. Qd5 Nd4+ 0-1

[Event "EU-ch U16 24th"]
[Site "Batumi"]
[Date "2014.10.23"]
[Round "5"]
[White "Klepikov, Nikita"]
[Black "Mammadov, Gulam Ilham Oglu"]
[Result "1-0"]
[WhiteElo "2114"]
[BlackElo "1853"]
[PlyCount "51"]
[EventDate "2014.10.19"]
[EventType "swiss"]
[EventRounds "9"]
[EventCountry "GEO"]
[SourceTitle "EXT 2015"]
[Source "ChessBase"]
[SourceDate "2014.11.20"]
[SourceVersion "1"]
[SourceVersionDate "2014.11.20"]
[SourceQuality "1"]

1. e4 g6 2. d4 Bg7 3. Nc3 d6 4. Nge2 Nd7 5. g3 e5 6. Be3 Ne7 7. Bg2 0-0 8. 0-0 f5 9. f3 h6 10. Qd2 Kh7 11. Rad1 Nc6 12. f4 fxe4 13. dxe5 dxe5 14. Bxe4 Nf6 15. Qxd8 Nxd8 16. fxe5 Nxe4 17. Nxe4 Bh3 18. Nf6+ Kh8 19. Nf4 Bf5 20. g4 Bxc2 21. Rc1 g5 22. N4h5 Bg6 23. Nxg7 Kxg7 24. Rxc7+ Kh8 25. Bxa7 Nc6 26. Bc5 1-0

[Event "EU-ch U16 24th"]
[Site "Batumi"]
[Date "2014.10.20"]
[Round "2"]
[White "Mammadov, Gulam Ilham Oglu"]
[Black "Tutisani, Noe"]
[Result "0-1"]
[WhiteElo "1853"]
[BlackElo "2224"]
[PlyCount "88"]
[EventDate "2014.10.19"]
[EventType "swiss"]
[EventRounds "9"]
[EventCountry "GEO"]
[SourceTitle "EXT 2015"]
[Source "ChessBase"]
[SourceDate "2014.11.20"]
[SourceVersion "1"]
[SourceVersionDate "2014.11.20"]
[SourceQuality "1"]

1. e4 c5 2. d3 Nc6 3. g3 g6 4. Bg2 Bg7 5. f4 e6 6. Nf3 Nge7 7. c3 d5 8. Qe2 0-0 9. Na3 Rb8 10. Nc2 b5 11. Qf2 b4 12. cxb4 Ba6 13. e5 Bxd3 14. Bf1 Bxc2 15. Qxc2 cxb4 16. Be3 Qd7 17. Bg2 Rfc8 18. Qf2 Nf5 19. 0-0 Nxe3 20. Qxe3 Na5 21. b3 Rc3 22. Qd2 Rbc8 23. Nd4 Qb7 24. Kh1 Qb6 25. g4 Nc6 26. Ne2 Qe3 27. Qb2 Rd3 28. Rac1 Rd2 29. Rc2 Rxc2 30. Qxc2 Ne7 31. Qd1 a5 32. Nd4 g5 33. f5 Qxe5 34. Nf3 Qf6 35. fxe6 fxe6 36. Qd2 h6 37. Qe2 e5 38. Nd4 Qd6 39. Nf5 Nxf5 40. gxf5 e4 41. h4 Rf8 42. Qh5 Qf6 43. hxg5 hxg5 44. Qh3 Kf7 0-1

[Event "EU-ch U12"]
[Site "Albena"]
[Date "2011.09.15"]
[Round "5"]
[White "Theodorou, Nikolas"]
[Black "Mammadov, Gulam Ilham Oglu"]
[Result "1-0"]
[WhiteElo "1991"]
[BlackElo "1858"]
[PlyCount "51"]
[EventDate "2011.09.11"]
[EventType "swiss"]
[EventRounds "9"]
[EventCountry "BUL"]
[SourceTitle "CBM 144 Extra"]
[Source "ChessBase"]
[SourceDate "2011.10.28"]
[SourceVersion "1"]
[SourceVersionDate "2011.10.28"]
[SourceQuality "1"]

1. c4 g6 2. Nc3 Bg7 3. g3 d6 4. Bg2 Nc6 5. e3 e5 6. Nge2 f5 7. 0-0 Nf6 8. b3 0-0 9. d3 Ne7 10. Ba3 c6 11. Qd2 Re8 12. f4 exf4 13. Nxf4 g5 14. Nh3 h5 15. e4 Ng4 16. Rae1 Be6 17. Bb2 Qd7 18. Nd1 Ng6 19. Bxg7 Kxg7 20. Nc3 Rf8 21. d4 fxe4 22. Nxe4 Rxf1+ 23. Rxf1 Rf8 24. Rxf8 Nxf8 25. Qb4 c5 26. Qc3 1-0

[Event "EU-ch U12"]
[Site "Albena"]
[Date "2011.09.12"]
[Round "2"]
[White "Mammadov, Gulam Ilham Oglu"]
[Black "Nikitenko, Mihail"]
[Result "1-0"]
[WhiteElo "1858"]
[BlackElo "1998"]
[PlyCount "93"]
[EventDate "2011.09.11"]
[EventType "swiss"]
[EventRounds "9"]
[EventCountry "BUL"]
[SourceTitle "CBM 144 Extra"]
[Source "ChessBase"]
[SourceDate "2011.10.28"]
[SourceVersion "1"]
[SourceVersionDate "2011.10.28"]
[SourceQuality "1"]

1. Nf3 Nf6 2. g3 g6 3. Bg2 Bg7 4. 0-0 0-0 5. d3 d6 6. Nc3 c6 7. e4 e5 8. h3 Na6 9. Be3 Re8 10. Re1 Nc5 11. Qd2 Ne6 12. d4 Qc7 13. Rad1 a6 14. a4 Bd7 15. g4 Rad8 16. b4 exd4 17. Nxd4 b5 18. axb5 axb5 19. f4 Qb8 20. Nxe6 Bxe6 21. f5 Bc4 22. Bf4 Qa7+ 23. Kh1 Qa3 24. e5 Nd5 25. Nxd5 Bxd5 26. Re3 Bxg2+ 27. Kxg2 Qa8 28. exd6 Rxe3 29. Qxe3 Re8 30. Qf3 Qb7 31. fxg6 hxg6 32. d7 Rd8 33. Qe4 Bf6 34. g5 Kh7 35. Qe8 c5+ 36. Kg3 Qb6 37. gxf6 Qxf6 38. Qxd8 Qxd8 39. bxc5 g5 40. Be5 f6 41. c6 Qb6 42. Rd4 Qxc6 43. d8Q Qc3+ 44. Kg4 f5+ 45. Kxf5 Qxh3+ 46. Kf6 Qh6+ 47. Ke7 1-0

[Event "Varna ETSCC 6th"]
[Site "Varna"]
[Date "2011.07.03"]
[Round "3.1"]
[White "Imanly, Magrura Mahammad"]
[Black "Mammadov, Gulam Ilham Oglu"]
[Result "0-1"]
[WhiteElo "1600"]
[BlackElo "1849"]
[PlyCount "76"]
[EventDate "2011.06.25"]
[EventType "swiss"]
[EventRounds "7"]
[EventCountry "BUL"]
[SourceTitle "EXT 2012"]
[Source "ChessBase"]
[SourceDate "2011.11.24"]
[SourceVersion "1"]
[SourceVersionDate "2011.11.24"]
[SourceQuality "1"]

1. e4 d5 2. exd5 Qxd5 3. Nc3 Qa5 4. d4 Nf6 5. Nf3 Nc6 6. Be2 Bg4 7. 0-0 0-0-0 8. Be3 e5 9. d5 Nxd5 10. Nxd5 Qxd5 11. Ng5 Bxe2 12. Qxe2 h6 13. Qg4+ Qd7 14. Qxd7+ Rxd7 15. Nf3 Be7 16. Rfd1 Rhd8 17. Rxd7 Rxd7 18. Kf1 f5 19. g3 g5 20. Re1 e4 21. Nd2 Nb4 22. Rc1 Bf6 23. c3 Nd3 24. Rc2 c5 25. f3 exf3 26. Nxf3 b6 27. Ne1 Nxe1 28. Kxe1 Kc7 29. Rf2 Rd5 30. Bd2 c4 31. Ke2 Be7 32. h3 Kd6 33. g4 f4 34. h4 Ke5 35. h5 Bc5 36. Rf3 Ke4 37. b4 cxb3 38. Rf1 f3+ 0-1

[Event "EU-ch U12"]
[Site "Batumi"]
[Date "2010.09.22"]
[Round "3"]
[White "Khanin, Semen"]
[Black "Mammadov, Gulam Ilham Oglu"]
[Result "1-0"]
[WhiteElo "2056"]
[BlackElo "1829"]
[PlyCount "99"]
[EventDate "2010.09.20"]
[EventType "swiss"]
[EventRounds "9"]
[EventCountry "GEO"]
[SourceTitle "CBM 138 Extra"]
[Source "ChessBase"]
[SourceDate "2010.10.29"]
[SourceVersion "1"]
[SourceVersionDate "2010.10.29"]
[SourceQuality "1"]

1. e4 g6 2. d4 Bg7 3. Nc3 d6 4. Nf3 Nf6 5. Be2 0-0 6. 0-0 Nc6 7. d5 Nb8 8. h3 e5 9. Bg5 h6 10. Be3 Kh7 11. Ne1 c6 12. Qd2 cxd5 13. exd5 a6 14. f4 Nbd7 15. Nf3 exf4 16. Bxf4 Nc5 17. Rae1 b5 18. a3 Bb7 19. Bd1 Na4 20. Nxa4 bxa4 21. c4 Nh5 22. Bh2 a5 23. Bxa4 Ba6 24. b3 Nf6 25. Qf4 Qb6+ 26. Qe3 Qc7 27. Qe7 Qc5+ 28. Qe3 Qxa3 29. Qb6 Rfd8 30. Ra1 Qb2 31. Rab1 Qa3 32. Bc6 Rab8 33. Qxa6 Qc5+ 34. Kh1 Rb6 35. Qa7 Rxc6 36. Qxf7 Rc7 37. Qe6 Rcd7 38. Bg1 Qc7 39. Qe3 Re8 40. Qd3 Rde7 41. Nd4 Nh5 42. Ne6 Rxe6 43. dxe6 Rxe6 44. Qf3 Qe7 45. Rbd1 Qg5 46. Bh2 Nf6 47. Bxd6 Ne4 48. Bf4 Qc5 49. Rd5 Qe7 50. Bh2 1-0

[Event "EU-ch U12"]
[Site "Batumi"]
[Date "2010.09.21"]
[Round "2"]
[White "Mammadov, Gulam Ilham Oglu"]
[Black "Msellek, Ilyass"]
[Result "1-0"]
[WhiteElo "1829"]
[BlackElo "2066"]
[PlyCount "91"]
[EventDate "2010.09.20"]
[EventType "swiss"]
[EventRounds "9"]
[EventCountry "GEO"]
[SourceTitle "CBM 138 Extra"]
[Source "ChessBase"]
[SourceDate "2010.10.29"]
[SourceVersion "1"]
[SourceVersionDate "2010.10.29"]
[SourceQuality "1"]

1. e4 c5 2. Nf3 d6 3. d4 cxd4 4. Nxd4 Nf6 5. Nc3 a6 6. f3 e5 7. Nb3 Be6 8. Be3 Be7 9. Qd2 Nbd7 10. g4 Rc8 11. 0-0-0 b5 12. a3 Nb6 13. g5 Nfd7 14. Na5 Nc5 15. Nd5 Nxd5 16. exd5 Bd7 17. Kb1 Na4 18. Nb3 Bf5 19. Bd3 Bxd3 20. Qxd3 Qc7 21. f4 0-0 22. f5 f6 23. h4 Qc4 24. Na5 Qxd3 25. Rxd3 Nc5 26. Rc3 Ne4 27. Rxc8 Rxc8 28. Nc6 Bf8 29. Rg1 Kf7 30. Rg4 Nc5 31. Kc1 Na4 32. c3 Be7 33. Kc2 Bd8 34. Re4 Nc5 35. Rg4 Bb6 36. Bxc5 Bxc5 37. Kd3 Ra8 38. a4 Bf2 39. a5 Rg8 40. Ke2 Bc5 41. b4 g6 42. gxf6 Kxf6 43. fxg6 hxg6 44. bxc5 dxc5 45. Kd3 Rh8 46. Ke4 1-0

[Event "EU-chT Children U12"]
[Site "St Constantin and Helena"]
[Date "2010.06.19"]
[Round "6.3"]
[White "Mammadov, Gulam Ilham Oglu"]
[Black "Shirokov, Alexander"]
[Result "0-1"]
[WhiteElo "1773"]
[BlackElo "1864"]
[PlyCount "66"]
[EventDate "2010.06.13"]
[EventType "team-swiss"]
[EventRounds "7"]
[EventCountry "BUL"]
[SourceTitle "EXT 2020"]
[Source "ChessBase"]
[SourceDate "2019.10.17"]
[SourceVersion "1"]
[SourceVersionDate "2019.10.17"]
[SourceQuality "1"]

1. Nf3 Nf6 2. g3 b6 3. Bg2 Bb7 4. 0-0 e6 5. d3 d5 6. Nbd2 c5 7. Re1 Nc6 8. c3 Be7 9. Qc2 Qc7 10. e4 0-0-0 11. Nf1 Bd6 12. Qe2 Nd7 13. Ng5 Nf6 14. Nf3 dxe4 15. dxe4 Nd7 16. Be3 Ncb8 17. Qc2 Nf6 18. N3d2 Ng4 19. h3 Nxe3 20. Nxe3 Rd7 21. Rad1 Rhd8 22. Nb3 Ba6 23. Rd2 Nc6 24. f4 g5 25. e5 Be7 26. Red1 gxf4 27. gxf4 h6 28. Rxd7 Rxd7 29. Rxd7 Qxd7 30. Qe4 Bb7 31. Qh7 b5 32. Qxf7 a5 33. Bxc6 Qxc6 0-1

[Event "Varna op 4th"]
[Site "Varna"]
[Date "2010.06.14"]
[Round "3"]
[White "Mammadov, Gulam Ilham Oglu"]
[Black "Kostadinov, Teodosi"]
[Result "1-0"]
[WhiteElo "1773"]
[BlackElo "2265"]
[PlyCount "55"]
[EventDate "2010.06.12"]
[EventType "swiss"]
[EventRounds "9"]
[EventCountry "BUL"]
[SourceTitle "CBM 136 Extra"]
[Source "ChessBase"]
[SourceDate "2010.07.02"]
[SourceVersion "2"]
[SourceVersionDate "2010.07.15"]
[SourceQuality "1"]

1. e4 d6 2. d4 g6 3. c4 Bg7 4. Nc3 Nf6 5. f3 Nc6 6. Be3 e5 7. Nge2 a6 8. Qd2 exd4 9. Nxd4 Bd7 10. Be2 h6 11. 0-0-0 Rb8 12. g4 Nxd4 13. Bxd4 b5 14. e5 dxe5 15. Bxe5 Rb6 16. Nd5 Rc6 17. Qd4 bxc4 18. Rhe1 c3 19. b3 0-0 20. Bc4 Rxc4 21. Qxc4 Nxd5 22. Qxd5 Bxe5 23. Qxe5 Qc8 24. Qxc3 Be6 25. Re3 c5 26. Kb2 Qc6 27. Red3 Qc7 28. Qf6 1-0